CIRCUITS DEVICES AND SYSTEMS (Record no. 32601)

000 -LEADER
fixed length control field 00309nam a22001337a 4500
020 ## - INTERNATIONAL STANDARD BOOK NUMBER
International Standard Book Number 97881265110
082 ## - DEWEY DECIMAL CLASSIFICATION NUMBER
Classification number 621.381
100 ## - MAIN ENTRY--PERSONAL NAME
Personal name Smith, Ralph J.
245 ## - TITLE STATEMENT
Title CIRCUITS DEVICES AND SYSTEMS
260 ## - PUBLICATION, DISTRIBUTION, ETC.
Place of publication, distribution, etc. New Delhi:
Name of publisher, distributor, etc. John Wiley;
Date of publication, distribution, etc. 2010.
300 ## - PHYSICAL DESCRIPTION
Extent 868p. ;
Other physical details 26 cm.
500 ## - GENERAL NOTE
General note Paperback.
942 ## - ADDED ENTRY ELEMENTS (KOHA)
Koha item type Book
Holdings
Withdrawn status Lost status Source of classification or shelving scheme Damaged status Not for loan Permanent Location Current Location Date acquired Total Checkouts Full call number Barcode Date last seen Price effective from Koha item type
          School of Mechanical & Manufacturing Engineering (SMME) School of Mechanical & Manufacturing Engineering (SMME) 10/07/2015   621.381 SMI SMME-1510 03/29/2018 10/07/2015 Book
© 2023 Central Library, National University of Sciences and Technology. All Rights Reserved.